00878njm a2200253Ia 450000100060000000300090000600500170001500800410003204000130007304000130008610000190009910000180011810000370013624500340017325000110020726000100021826000610022830000170028930000310030650000580033750501020039551100700049765000570056737217IT-RoPAU20220918181205.0131025s9999 xx 000 0 und d aIT-RoPAU cIT-RoPAU aBerlioz Hector eAutore musica gCodice autore musica SPICS: 9293 aSymphonie fantastique, op. 14 a1a ed. aJAPAN bDENON - PCMc1984 [1a Ed.:1984 - Ed. Lingua Orig.: 1830] aCOMPACT DISC c50 minuti (Testo: 12 pag.) aMusica classica, sinfonica. Marcia funebre. Dies Irae aReveries (Passions) - Un bal - Scene aux champs - Marche au supplice - Songe d'une nuit su Sabbat aThe Tokyo Metropolitan Symphony Orchestra diretta da Fournet Jean aSINFONICA [COMPACT DISC]eCodice MATERIA SPICS: 9949